000 nam a22 7a 4500
999 _c10249
_d10249
008 180213b ||||| |||| 00| 0 eng d
100 _96238
_aCBSE
245 _aBUSINESS STUDIES-XII S.P
260 _aNEW DELHI
_bRACHANA
_c2015